| 000 | 00848nam a22002657a 4500 | ||
|---|---|---|---|
| 005 | 20170124105924.0 | ||
| 010 | _aB-128165 | ||
| 020 |
_c495.00 _a8170998875 |
||
| 035 | _aB-128165 | ||
| 037 | _bCen Lib/Ret | ||
| 040 |
_aDPL _bEN |
||
| 082 | _a327.54 | ||
| 100 |
_aBadruddin _95653 |
||
| 245 |
_aGlobal peace and anti-nuclear movements / _cby Badruddin |
||
| 246 | _b | ||
| 260 |
_bMittal Publications _c2003 _aNew Delhi |
||
| 270 |
_bNew Delhi _e110015 _aA-110, mohan garden |
||
| 300 |
_axiv, 273p. _c21cm(Hb) |
||
| 500 | _aIncludes bibliographical references and index | ||
| 650 |
_aPeace Movement _95654 |
||
| 650 |
_aEnvironmental Security _95655 |
||
| 650 |
_a शांति आंदोलन _97 |
||
| 650 |
_aपर्यावरण सुरक्षा _95656 |
||
| 942 |
_2ddc _cEN _h327.54 _mBAD |
||
| 999 |
_c123369 _d123369 |
||